<?xml version="1.0" encoding="UTF-8"?>
<record
    xmlns:xsi="http://www.w3.org/2001/XMLSchema-instance"
    xsi:schemaLocation="http://www.loc.gov/MARC21/slim http://www.loc.gov/standards/marcxml/schema/MARC21slim.xsd"
    xmlns="http://www.loc.gov/MARC21/slim">

  <leader>00961nam a22001937a 4500</leader>
  <controlfield tag="008">100526t        xxu||||| |||| 00| 0 eng d</controlfield>
  <datafield tag="082" ind1=" " ind2=" ">
    <subfield code="2">22</subfield>
    <subfield code="a">247.9</subfield>
    <subfield code="b">&#x644; &#x648; &#x649;</subfield>
  </datafield>
  <datafield tag="100" ind1=" " ind2=" ">
    <subfield code="9">14270</subfield>
    <subfield code="a">&#x644;&#x648;&#x64A;&#x633; , &#x628;&#x631;&#x646;&#x627;&#x631;&#x62F;</subfield>
  </datafield>
  <datafield tag="245" ind1=" " ind2=" ">
    <subfield code="a">&#x627;&#x644;&#x62D;&#x634;&#x627;&#x634;&#x648;&#x646; :</subfield>
    <subfield code="b">&#x641;&#x631;&#x642;&#x629; &#x62B;&#x648;&#x631;&#x64A;&#x629; &#x641;&#x649; &#x62A;&#x627;&#x631;&#x64A;&#x62E; &#x627;&#x644;&#x625;&#x633;&#x644;&#x627;&#x645; /</subfield>
    <subfield code="c">&#x62A;&#x623;&#x644;&#x64A;&#x641; &#x628;&#x631;&#x646;&#x627;&#x631;&#x62F; &#x644;&#x648;&#x633; &#x61B; &#x62A;&#x639;&#x631;&#x64A;&#x628; &#x645;&#x62D;&#x645;&#x62F; &#x627;&#x644;&#x639;&#x632;&#x628; &#x645;&#x648;&#x633;&#x649;</subfield>
  </datafield>
  <datafield tag="250" ind1=" " ind2=" ">
    <subfield code="a">&#x637;. 2</subfield>
  </datafield>
  <datafield tag="260" ind1=" " ind2=" ">
    <subfield code="a">&#x628;&#x64A;&#x631;&#x648;&#x62A; &#x61B;</subfield>
    <subfield code="a">&#x627;&#x644;&#x642;&#x627;&#x647;&#x631;&#x629; :</subfield>
    <subfield code="b">   &#x61B; &#x62F;&#x627;&#x631; &#x622;&#x632;&#x627;&#x644; &#x644;&#x644;&#x637;&#x628;&#x627;&#x639;&#x629; &#x648;&#x627;&#x644;&#x646;&#x634;&#x631; &#x648;&#x627;&#x644;&#x62A;&#x648;&#x632;&#x64A;&#x639;</subfield>
    <subfield code="b">&#x645;&#x643;&#x62A;&#x628;&#x629; &#x645;&#x62F;&#x628;&#x648;&#x644;&#x649;:</subfield>
    <subfield code="c">1986.</subfield>
  </datafield>
  <datafield tag="300" ind1=" " ind2=" ">
    <subfield code="a">252 &#x635;:</subfield>
    <subfield code="b">&#x627;&#x64A;&#x636; &#x61B;</subfield>
    <subfield code="c">15 &#x633;&#x645;.</subfield>
  </datafield>
  <datafield tag="500" ind1=" " ind2=" ">
    <subfield code="a">Donations.</subfield>
  </datafield>
  <datafield tag="500" ind1=" " ind2=" ">
    <subfield code="a">Donated By: Mohamed Abdel Ghaney.</subfield>
  </datafield>
  <datafield tag="650" ind1=" " ind2=" ">
    <subfield code="9">14273</subfield>
    <subfield code="a">&#x627;&#x644;&#x62D;&#x634;&#x627;&#x634;&#x648;&#x646; - &#x641;&#x631;&#x642; &#x625;&#x633;&#x644;&#x627;&#x645;&#x64A;&#x629;</subfield>
  </datafield>
  <datafield tag="700" ind1=" " ind2=" ">
    <subfield code="9">14274</subfield>
    <subfield code="a">&#x645;&#x648;&#x633;&#x649;, &#x645;&#x62D;&#x645;&#x62F; &#x627;&#x644;&#x639;&#x632;&#x628;</subfield>
  </datafield>
  <datafield tag="942" ind1=" " ind2=" ">
    <subfield code="2">ddc</subfield>
    <subfield code="c">BB</subfield>
  </datafield>
  <datafield tag="999" ind1=" " ind2=" ">
    <subfield code="c">14018</subfield>
    <subfield code="d">14018</subfield>
  </datafield>
  <datafield tag="952" ind1=" " ind2=" ">
    <subfield code="0">0</subfield>
    <subfield code="1">0</subfield>
    <subfield code="2">ddc</subfield>
    <subfield code="4">0</subfield>
    <subfield code="7">0</subfield>
    <subfield code="8"> </subfield>
    <subfield code="a">MAIN</subfield>
    <subfield code="b">MAIN</subfield>
    <subfield code="c">LOW</subfield>
    <subfield code="d">2010-05-26</subfield>
    <subfield code="e">purchase</subfield>
    <subfield code="l">2</subfield>
    <subfield code="o">247.9 &#x644;&#x648;&#x64A;</subfield>
    <subfield code="p">000020769</subfield>
    <subfield code="r">2025-07-15 00:00:00</subfield>
    <subfield code="s">2014-03-09</subfield>
    <subfield code="y">BB</subfield>
  </datafield>
</record>
